[Event "Festival Magistrale"]
[Site "Caorle ITA"]
[Date "1989.07.??"]
[Round "6"]
[White "Luciani, Carlo"]
[Black "Buzzi, Dario"]
[Result "0-1"]
[WhiteElo "2150"]
[BlackElo "1985"]
[PlyCount "92"]
[EventDate "1989.07.01"]

1. e4 c5 2. Nf3 e6 3. d4 cxd4 4. Nxd4 a6 5. Bd3 Nf6 6. O-O Qc7 7. b3 Bc5 8. Bb2
b5 9. Nd2 Bb7 10. Qe2 d6 11. c4 b4 12. Kh1 Nbd7 13. f4 h5 14. Rae1 O-O-O 15.
N4f3 h4 16. Ng5 Nh5 17. Qd1 Ndf6 18. Be2 e5 19. Nh3 Qe7 20. f5 Rdg8 21. Bf3 g5
22. fxg6 Rxg6 23. Bc1 Qe6 24. Bxh5 Nxh5 25. Nf3 Rxg2 26. Nfg5 Qg4 27. Qxg4+
Rxg4 28. Rxf7 Rg8 29. Ref1 Nf4 30. Bxf4 exf4 31. R7xf4 R4xg5 32. Nxg5 Rxg5 33.
Rxh4 Kc7 34. h3 Rg7 35. Rhf4 Re7 36. Re1 Bd4 37. Kg2 Be5 38. Rg4 Bc8 39. Rg6
Rh7 40. Rh1 Rh4 41. Rg8 Bb7 42. Re1 Bxe4+ 43. Kf2 Bc6 44. c5 Rf4+ 45. Ke3 Re4+
46. Kf2 Bd4+ 0-1

[Event "Festival Magistrale"]
[Site "Caorle ITA"]
[Date "1989.07.??"]
[Round "6"]
[White "Maffezzoli, Massimo"]
[Black "Mazzotti, Carlo"]
[Result "1/2-1/2"]
[WhiteElo "1940"]
[BlackElo "1944"]
[PlyCount "33"]
[EventDate "1989.07.01"]

1. c4 e6 2. Nc3 d5 3. cxd5 exd5 4. d4 Be7 5. Nf3 Nf6 6. Bg5 c6 7. Qc2 O-O 8. e3
Nbd7 9. Bd3 Re8 10. O-O h6 11. Bh4 Ne4 12. Bg3 Nxg3 13. hxg3 Bd6 14. Rae1 Nf6
15. Nh4 Qc7 16. Nf5 Bxf5 17. Bxf5 1/2-1/2

[Event "Festival Magistrale"]
[Site "Caorle ITA"]
[Date "1989.07.??"]
[Round "6"]
[White "Magari, Roberto"]
[Black "Cugini, Verter"]
[Result "0-1"]
[WhiteElo "1935"]
[BlackElo "2130"]
[PlyCount "70"]
[EventDate "1989.07.01"]

1. e4 e6 2. d4 d5 3. e5 c5 4. c3 Nc6 5. Nf3 Qb6 6. a3 c4 7. g3 Na5 8. Nbd2 Bd7
9. Bh3 O-O-O 10. O-O h6 11. Rb1 Ne7 12. Re1 Kb8 13. b4 cxb3 14. Nxb3 Ba4 15.
Nfd2 Nxb3 16. Nxb3 Nc6 17. Qf3 Bxb3 18. Qxf7 Na5 19. Bxe6 Qc7 20. Qf3 Bc2 21.
Rb5 Be4 22. Rxe4 dxe4 23. Qxe4 Qxc3 24. Be3 Qc6 25. Qd3 Qxe6 26. Rxa5 Qb6 27.
Rb5 Qa6 28. d5 Ka8 29. d6 Bxd6 30. exd6 Rxd6 31. Qf5 Re8 32. Qh5 Red8 33. h4
Rd1+ 34. Kh2 Qc6 35. g4 g5 0-1

[Event "Festival Magistrale"]
[Site "Caorle ITA"]
[Date "1989.07.??"]
[Round "6"]
[White "Messina, Enrico"]
[Black "Cazzaniga, Walter"]
[Result "1-0"]
[WhiteElo "1900"]
[BlackElo "1940"]
[PlyCount "74"]
[EventDate "1989.07.01"]

1. e4 Nf6 2. d3 d5 3. e5 Nfd7 4. f4 e6 5. Nf3 c5 6. g3 Nc6 7. Bg2 Be7 8. O-O
O-O 9. Qe2 b5 10. Nbd2 Qc7 11. c3 a5 12. Rd1 Ba6 13. b3 Rfd8 14. Bb2 Rab8 15.
Rab1 Nb6 16. Ba1 c4 17. bxc4 bxc4 18. d4 a4 19. Bh3 Bc8 20. g4 Bd7 21. Qg2 a3
22. f5 Rb7 23. Nf1 Rdb8 24. Ng3 Na4 25. Rxb7 Rxb7 26. Nh5 Qb8 27. Nd2 Bg5 28.
f6 g6 29. Ng3 Nb2 30. Rf1 Nxe5 31. dxe5 Qxe5 32. Nb1 Be3+ 33. Kh1 Nd3 34. Nxa3
Nf2+ 35. Rxf2 Bxf2 36. Qxf2 Qg5 37. Bb2 Bc6 1-0

[Event "Festival Magistrale"]
[Site "Caorle ITA"]
[Date "1989.07.??"]
[Round "6"]
[White "Mufic, Goran"]
[Black "Ilic, Dragan M."]
[Result "0-1"]
[WhiteElo "2275"]
[BlackElo "2400"]
[PlyCount "92"]
[EventDate "1989.07.01"]

1. Nf3 Nf6 2. d4 g6 3. Bf4 Bg7 4. e3 O-O 5. Be2 d6 6. h3 b6 7. a4 a6 8. O-O Bb7
9. Nbd2 Nbd7 10. c3 Qe8 11. Ne1 e5 12. Bg3 Kh8 13. Bf3 Bxf3 14. Qxf3 e4 15. Qe2
Nh5 16. Bh2 f5 17. Qc4 Qd8 18. Nc2 Ndf6 19. d5 Bh6 20. Nd4 Ng7 21. Nc6 Qd7 22.
Nb3 Qf7 23. Rad1 g5 24. Nbd4 Qxd5 25. Qxd5 Nxd5 26. Nxf5 Rxf5 27. g4 Nxc3 28.
gxf5 Nxd1 29. Rxd1 Nxf5 30. a5 b5 31. Rd5 Nh4 32. Bg3 Nf3+ 33. Kf1 Bg7 34. b3
Bf6 35. Rd1 Kg7 36. Kg2 Kf7 37. Nd4 Bxd4 38. exd4 Ke7 39. d5 Kd7 40. Rc1 h5 41.
b4 Rf8 42. Rc6 h4 43. Bh2 Ne1+ 44. Kg1 Nd3 45. Rxa6 Nxb4 46. Ra7 Nxd5 0-1

[Event "Festival Magistrale"]
[Site "Caorle ITA"]
[Date "1989.07.??"]
[Round "6"]
[White "Nagy, Janos"]
[Black "Pastres, Roberto"]
[Result "1/2-1/2"]
[WhiteElo "2240"]
[BlackElo "2025"]
[PlyCount "76"]
[EventDate "1989.07.01"]

1. e4 e5 2. Nf3 Nc6 3. Bc4 Nf6 4. d4 exd4 5. Ng5 d5 6. exd5 Qe7+ 7. Qe2 Qxe2+
8. Kxe2 Nb4 9. d6 Bxd6 10. Bxf7+ Kf8 11. Bb3 Nbd5 12. Nd2 Bd7 13. Nde4 Re8 14.
Kd1 Nxe4 15. Nxe4 Ne3+ 16. Bxe3 Rxe4 17. Bd2 Re8 18. f3 Be6 19. Be1 Kf7 20. Bg3
Bxg3 21. hxg3 c5 22. Ba4 Rb8 23. Bb5 a6 24. Bd3 h6 25. Kd2 b5 26. Rh5 c4 27.
Bf5 Bxf5 28. Rxf5+ Kg6 29. Rf4 Rhd8 30. Re1 Rd6 31. Re7 c3+ 32. bxc3 dxc3+ 33.
Kxc3 Rc8+ 34. Kb3 Rd2 35. Rg4+ Kf6 36. Rexg7 Rcxc2 37. R4g6+ Kf5 38. g4+ 38...
Kf4 {...} 1/2-1/2

[Event "Festival Magistrale"]
[Site "Caorle ITA"]
[Date "1989.07.??"]
[Round "6"]
[White "Osmanbegovic, Suad"]
[Black "Vujosevic, Vladimir"]
[Result "0-1"]
[WhiteElo "2240"]
[BlackElo "2335"]
[PlyCount "76"]
[EventDate "1989.07.01"]

1. d4 Nf6 2. c4 e6 3. g3 d5 4. Bg2 dxc4 5. Nf3 a6 6. O-O Nc6 7. Nc3 Rb8 8. e4
b5 9. d5 Nb4 10. a3 Nd3 11. Nd4 Bb7 12. Qe2 Bc5 13. Nc6 Bxc6 14. dxc6 e5 15.
Nd5 Qd6 16. Bg5 Nxd5 17. exd5 f5 18. Rad1 O-O 19. b4 Bb6 20. Rxd3 cxd3 21. Qxd3
h6 22. Be3 e4 23. Qb3 Bxe3 24. fxe3 Rbd8 25. Rd1 Rfe8 26. g4 g6 27. h4 h5 28.
gxh5 gxh5 29. Rd2 Re5 30. Bf1 Rxd5 31. Qa2 Kh7 32. Rg2 Rg8 33. Rxg8 Kxg8 34.
Qg2+ Kh7 35. Kf2 Rd2+ 36. Be2 Qd3 37. Ke1 Qxe3 38. Qh2 f4 0-1

[Event "Festival Magistrale"]
[Site "Caorle ITA"]
[Date "1989.07.??"]
[Round "6"]
[White "Palmiotto, Fiorentino"]
[Black "Marinelli, Tullio"]
[Result "0-1"]
[WhiteElo "2065"]
[BlackElo "2375"]
[PlyCount "70"]
[EventDate "1989.07.01"]

1. e4 c5 2. Nf3 d6 3. c3 Nf6 4. Bd3 Nc6 5. h3 Qc7 6. Bc2 d5 7. d3 e6 8. O-O Be7
9. Qe2 b6 10. Bg5 Ba6 11. e5 Nd7 12. Bxe7 Kxe7 13. Re1 h6 14. Na3 g5 15. Qe3
Rag8 16. Re2 g4 17. hxg4 Rxg4 18. Nh2 Rgg8 19. f4 h5 20. Rf1 h4 21. Rf3 Kd8 22.
Rh3 Ne7 23. Qf2 Nf5 24. Nf3 Rg4 25. Nh2 Rg3 26. Nf1 Rxh3 27. gxh3 Rg8+ 28. Kh2
Rg3 29. Ne3 d4 30. Nxf5 exf5 31. c4 Bb7 32. Nb5 Qc6 33. Qf1 Rf3 34. Qg2 Re3 35.
Qg5+ Nf6 0-1

[Event "Festival Magistrale"]
[Site "Caorle ITA"]
[Date "1989.07.??"]
[Round "6"]
[White "Pasqualin, Giorgio"]
[Black "Lostuzzi, Manlio"]
[Result "1/2-1/2"]
[WhiteElo "2065"]
[BlackElo "2200"]
[PlyCount "31"]
[EventDate "1989.07.01"]

1. c4 c5 2. Nf3 Nf6 3. g3 g6 4. Bg2 Bg7 5. O-O O-O 6. Nc3 Nc6 7. d3 a6 8. Be3
d6 9. h3 Bd7 10. Qd2 Re8 11. Rac1 Qa5 12. d4 cxd4 13. Nxd4 Nxd4 14. Bxd4 Bc6
15. Rfd1 Rac8 16. b3 1/2-1/2

[Event "Festival Magistrale"]
[Site "Caorle ITA"]
[Date "1989.07.??"]
[Round "6"]
[White "Rasidovic, Sead"]
[Black "Riemersma, Liafbern"]
[Result "0-1"]
[WhiteElo "2365"]
[BlackElo "2360"]
[PlyCount "62"]
[EventDate "1989.07.01"]

1. e4 c5 2. Nf3 d6 3. d4 cxd4 4. Nxd4 Nf6 5. Nc3 g6 6. Be3 Bg7 7. f3 O-O 8. Qd2
Nc6 9. O-O-O d5 10. h4 dxe4 11. h5 Nxd4 12. hxg6 Nc6 13. gxf7+ Kh8 14. Qf2 Qa5
15. g4 Rxf7 16. g5 Ng4 17. Qh4 Bxc3 18. fxg4 Bxb2+ 19. Kxb2 Qb4+ 20. Kc1 Qa3+
21. Kd2 Be6 22. Qh3 Rd8+ 23. Ke1 Qb4+ 24. c3 Rxd1+ 25. Kxd1 Qb1+ 26. Bc1 Bxa2
27. Qe3 Bb3+ 28. Ke1 Qc2 29. Be2 Kg8 30. g6 hxg6 31. Qh3 Qxc1+ 0-1

[Event "Festival Magistrale"]
[Site "Caorle ITA"]
[Date "1989.07.??"]
[Round "6"]
[White "Romagnoli, Franco"]
[Black "Bini, Lorenzo"]
[Result "1/2-1/2"]
[WhiteElo "1925"]
[BlackElo "1960"]
[PlyCount "87"]
[EventDate "1989.07.01"]

1. e4 b6 2. d4 Bb7 3. Bd3 e6 4. Nf3 h6 5. Qe2 d6 6. Nc3 g6 7. O-O Bg7 8. Be3
Ne7 9. Qd2 Nd7 10. h3 a6 11. Ne2 Nf6 12. Ng3 d5 13. e5 Ne4 14. Bxe4 dxe4 15.
Ne1 Nf5 16. c3 Qe7 17. Rd1 O-O-O 18. Qe2 Nxg3 19. fxg3 f6 20. exf6 Bxf6 21. Nc2
h5 22. Rf2 Rdf8 23. Rdf1 Bg7 24. Rxf8+ Rxf8 25. Rxf8+ Qxf8 26. g4 hxg4 27. Qxg4
Qf5 28. Qe2 Bf6 29. Qf2 a5 30. g4 Qxf2+ 31. Bxf2 Kd7 32. Bg3 Bg5 33. h4 Bc1 34.
b3 Bb2 35. c4 Ba6 36. a4 c6 37. Be5 b5 38. cxb5 cxb5 39. axb5 Bxb5 40. Kf2 Bd3
41. Ne3 Ke8 42. Ke1 Bc3+ 43. Kd1 Kf7 44. Bh8 1/2-1/2

[Event "Festival Magistrale"]
[Site "Caorle ITA"]
[Date "1989.07.??"]
[Round "6"]
[White "Rukavina, Josip"]
[Black "Zupe, Miran"]
[Result "1/2-1/2"]
[WhiteElo "2455"]
[BlackElo "2330"]
[PlyCount "104"]
[EventDate "1989.07.01"]

1. Nf3 Nf6 2. c4 e6 3. g3 b6 4. Bg2 Bb7 5. O-O Be7 6. Nc3 O-O 7. Re1 d5 8. cxd5
Nxd5 9. e4 Nb4 10. d4 c5 11. Be3 cxd4 12. Nxd4 N8c6 13. Nxc6 Bxc6 14. Qe2 Qd3
15. Rad1 Qxe2 16. Rxe2 Rfd8 17. Red2 Rxd2 18. Rxd2 Rd8 19. Rxd8+ Bxd8 20. f4 f6
21. Bf1 Bd7 22. a3 Nc6 23. Bc4 Kf8 24. Kf2 Ke7 25. Ke2 Bc8 26. b4 a6 27. Bb3 b5
28. Kd3 Kd7 29. Ne2 Be7 30. Nd4 Nxd4 31. Bxd4 Kc6 32. e5 f5 33. Bd1 Kc7 34. g4
g6 35. g5 Bb7 36. h4 Bc6 37. h5 Be8 38. h6 Bc6 39. Kc3 Kb7 40. Bb3 Bd7 41. Bd1
Bc6 42. Be2 Bd7 43. Bd1 Bc6 44. Bb3 Bd7 45. Kb2 Kc7 46. Bd1 Kb7 47. Bc2 Bc6 48.
Kc3 Bd7 49. Bd1 Bc6 50. Bb3 Bd7 51. Bc5 Bd8 52. Bd1 Bc6 1/2-1/2

[Event "Festival Magistrale"]
[Site "Caorle ITA"]
[Date "1989.07.??"]
[Round "6"]
[White "Sgaravatti, Francesco"]
[Black "Ruzzier, Dario"]
[Result "1-0"]
[WhiteElo "2085"]
[BlackElo "1960"]
[PlyCount "41"]
[EventDate "1989.07.01"]

1. e4 e5 2. Nf3 Nf6 3. d4 exd4 4. e5 Ne4 5. Qxd4 d5 6. exd6 Nxd6 7. Bd3 Nc6 8.
Qf4 g6 9. O-O Be7 10. Bd2 Be6 11. Bc3 Rg8 12. Nbd2 Qd7 13. Nb3 O-O-O 14. Nc5
Qe8 15. Nxe6 fxe6 16. Rfe1 Qd7 17. Ne5 Qe8 18. Nxc6 Qxc6 19. Rxe6 Qd7 20. Rae1
Rdf8 21. Qd4 1-0

[Event "Festival Magistrale"]
[Site "Caorle ITA"]
[Date "1989.07.??"]
[Round "6"]
[White "Steiner, Darko"]
[Black "Kostic, Vladimir G."]
[Result "1/2-1/2"]
[WhiteElo "2300"]
[BlackElo "2350"]
[PlyCount "26"]
[EventDate "1989.07.01"]

1. d4 d5 2. c4 e6 3. Nc3 c5 4. cxd5 exd5 5. Nf3 Nc6 6. a3 Nf6 7. e3 cxd4 8.
Nxd4 Be7 9. Be2 O-O 10. O-O Bd6 11. b4 Nxd4 12. Qxd4 Re8 13. Bb2 Be5 1/2-1/2

[Event "Festival Magistrale"]
[Site "Caorle ITA"]
[Date "1989.07.??"]
[Round "6"]
[White "Tolnai, Tibor"]
[Black "Nikcevic, Nebojsa"]
[Result "0-1"]
[WhiteElo "2470"]
[BlackElo "2295"]
[PlyCount "74"]
[EventDate "1989.07.01"]

1. e4 c5 2. Nf3 Nc6 3. d4 cxd4 4. Nxd4 Nf6 5. Nc3 e5 6. Ndb5 d6 7. Bg5 a6 8.
Na3 b5 9. Nd5 Qa5+ 10. Bd2 Qd8 11. Nxf6+ Qxf6 12. g3 h5 13. Be3 Bg4 14. Be2 Qg6
15. f3 Bd7 16. Qd2 Be7 17. Nb1 d5 18. exd5 Nd4 19. Bxd4 exd4 20. Qxd4 Bf6 21.
Qe3+ Kf8 22. Bd3 Bf5 23. Nc3 Bxc3+ 24. bxc3 Re8 25. Be4 Bxe4 26. O-O-O Bxc2 27.
Qc5+ Kg8 28. Rd2 Bf5 29. d6 Rc8 30. Qd4 Bd7 31. Re1 Qf6 32. Re7 Qxd4 33. Rxd4
Rd8 34. a4 Rh6 35. axb5 axb5 36. Rd5 Bc6 37. Rc5 Rdxd6 0-1

[Event "Festival Magistrale"]
[Site "Caorle ITA"]
[Date "1989.07.??"]
[Round "6"]
[White "Vujovic, Milorad"]
[Black "Jovicic, Milos"]
[Result "0-1"]
[WhiteElo "2295"]
[BlackElo "2350"]
[PlyCount "94"]
[EventDate "1989.07.01"]

1. e4 c5 2. Nf3 d6 3. d4 cxd4 4. Nxd4 Nf6 5. Nc3 g6 6. h3 Bg7 7. Bc4 O-O 8. Bb3
Nc6 9. Be3 a6 10. O-O Na5 11. f4 Nxb3 12. axb3 b5 13. Ndxb5 Bb7 14. e5 axb5 15.
exf6 Bxf6 16. Qd2 Qd7 17. Rae1 Qc6 18. f5 b4 19. Na4 Ra5 20. Rf3 Rxf5 21. Rxf5
gxf5 22. Bg5 Bd4+ 23. Be3 Be5 24. Bh6 Bd4+ 25. Kh1 Re8 26. Re2 Bf6 27. Qxb4 Kh8
28. Qc4 Qxc4 29. bxc4 Ra8 30. b3 Bc6 31. c5 Bxa4 32. bxa4 dxc5 33. Rd2 Bd4 34.
g3 Kg8 35. g4 fxg4 36. Rg2 f6 37. Rxg4+ Kf7 38. Rg7+ Ke6 39. Rxh7 c4 40. h4
Rxa4 41. Bf8 Bc5 42. h5 Ra8 43. Bh6 Ra2 44. Rh8 Rxc2 45. Bf4 Rf2 46. Bg3 Rf5
47. h6 c3 0-1

[Event "Festival Magistrale"]
[Site "Caorle ITA"]
[Date "1989.07.??"]
[Round "7"]
[White "Barle, Janez"]
[Black "Jovicic, Milos"]
[Result "0-1"]
[WhiteElo "2430"]
[BlackElo "2350"]
[PlyCount "86"]
[EventDate "1989.07.01"]

1. Nf3 d5 2. d4 Nf6 3. c4 e6 4. cxd5 exd5 5. Nc3 c6 6. Bg5 Bf5 7. e3 Nbd7 8.
Bd3 Bxd3 9. Qxd3 Bd6 10. O-O O-O 11. Rfe1 Re8 12. a3 a5 13. Rac1 a4 14. e4 dxe4
15. Nxe4 Be7 16. Nxf6+ Bxf6 17. Qf5 Rxe1+ 18. Rxe1 Bxg5 19. Nxg5 Nf6 20. Nf3 h6
21. h3 Ra5 22. Re5 Rd5 23. Qc2 Qa5 24. g3 Qb5 25. Kg2 Rxe5 26. dxe5 Nd7 27. Qe4
Nc5 28. Qd4 Nd3 29. Qd8+ Kh7 30. Qd4 Qd5 31. Qe3 Nxb2 32. Qf4 Nd3 33. Qe3 c5
34. Kh2 b5 35. Nh4 Nxe5 36. f4 Nc4 37. Qe8 Nd6 38. Qe2 Qe4 39. Qd2 Nf5 40. Nxf5
Qxf5 41. g4 Qe4 42. Qd6 b4 43. Qxc5 b3 0-1

[Event "Festival Magistrale"]
[Site "Caorle ITA"]
[Date "1989.07.??"]
[Round "7"]
[White "Becx, Cesar"]
[Black "Buzzi, Dario"]
[Result "1-0"]
[WhiteElo "2300"]
[BlackElo "1985"]
[PlyCount "85"]
[EventDate "1989.07.01"]

1. f4 d5 2. Nf3 c5 3. g3 Nc6 4. Bg2 g6 5. d3 Bg7 6. O-O Nh6 7. e4 dxe4 8. dxe4
Qxd1 9. Rxd1 Bg4 10. c3 O-O 11. Be3 b6 12. h3 Bxf3 13. Bxf3 Rad8 14. Na3 e5 15.
Nc4 f6 16. a4 Nf7 17. Bg4 exf4 18. gxf4 Rxd1+ 19. Rxd1 Re8 20. Rd7 Bf8 21. Rc7
Nfd8 22. Rxc6 f5 23. Rc8 fxg4 24. Ne5 gxh3 25. Kh2 Be7 26. Kxh3 Kf8 27. Rc7 Nf7
28. Nd7+ Kg7 29. Rxa7 Bd6 30. Nxb6 Rxe4 31. Nd5 g5 32. fxg5 Kg6 33. Ra6 Kf5 34.
b3 c4 35. bxc4 Rxc4 36. Bd4 Nxg5+ 37. Kg2 Bf4 38. Rf6+ Ke4 39. Rxf4+ Kxd5 40.
Rf5+ Ke4 41. Rxg5 Rxa4 42. Rh5 Ra2+ 43. Kg3 1-0

[Event "Festival Magistrale"]
[Site "Caorle ITA"]
[Date "1989.07.??"]
[Round "7"]
[White "Bern, Ivar"]
[Black "Tolnai, Tibor"]
[Result "1-0"]
[WhiteElo "2355"]
[BlackElo "2470"]
[PlyCount "67"]
[EventDate "1989.07.01"]

1. d4 Nf6 2. c4 e6 3. Nc3 c5 4. d5 exd5 5. cxd5 d6 6. h3 g6 7. Bg5 Bg7 8. e3
O-O 9. Nf3 a6 10. a4 Nbd7 11. Be2 Re8 12. Nd2 Qc7 13. O-O Rb8 14. Bf4 Ne5 15.
Bh2 h6 16. Kh1 g5 17. f4 Ng6 18. fxg5 hxg5 19. Nc4 Ne5 20. Nxe5 dxe5 21. e4 Qd6
22. Qe1 Bd7 23. Qg3 b5 24. axb5 axb5 25. Bf3 g4 26. hxg4 Nh7 27. g5 Qg6 28. Ra7
Red8 29. Bg4 Bxg4 30. Qxg4 Qxg5 31. Qxg5 Nxg5 32. Rf5 b4 33. Rxg5 bxc3 34. Bxe5
1-0

[Event "Festival Magistrale"]
[Site "Caorle ITA"]
[Date "1989.07.??"]
[Round "7"]
[White "Capece, Adolivio"]
[Black "Nagy, Janos"]
[Result "1/2-1/2"]
[WhiteElo "2205"]
[BlackElo "2240"]
[PlyCount "65"]
[EventDate "1989.07.01"]

1. c4 Nf6 2. Nc3 g6 3. g3 Bg7 4. Bg2 O-O 5. d3 c5 6. Bg5 h6 7. Bf4 Nc6 8. Qd2
Kh7 9. h4 e5 10. Be3 Nd4 11. h5 g5 12. Nf3 Ng4 13. Ne4 Nxe3 14. fxe3 Nxf3+ 15.
exf3 f5 16. Nc3 d6 17. O-O-O a6 18. f4 Rb8 19. e4 b5 20. fxg5 Qxg5 21. Qxg5
hxg5 22. exf5 Bxf5 23. Ne4 Bxe4 24. Bxe4+ Kh6 25. b3 Rf2 26. Rd2 Rbf8 27. Rh2
Rf1+ 28. Rd1 R8f2 29. Rxf1 Rxh2 30. Kb1 b4 31. Rf7 Rxh5 32. Rd7 Rh3 33. g4
1/2-1/2

[Event "Festival Magistrale"]
[Site "Caorle ITA"]
[Date "1989.07.??"]
[Round "7"]
[White "Cecchetto, Vanni"]
[Black "Gregoratti, Ivaldi"]
[Result "1/2-1/2"]
[WhiteElo "1900"]
[BlackElo "1975"]
[PlyCount "67"]
[EventDate "1989.07.01"]

1. e4 c5 2. c3 d5 3. exd5 Qxd5 4. d4 Nc6 5. Nf3 Bg4 6. Be2 e6 7. O-O Nf6 8. Be3
cxd4 9. cxd4 Be7 10. Nc3 Qd7 11. Qd2 O-O 12. Rfd1 Rfd8 13. Ne5 Nxe5 14. dxe5
Bxe2 15. Qxe2 Nd5 16. Nxd5 exd5 17. Rd3 Qe6 18. Bd4 Rac8 19. Rad1 b6 20. a3 Rc4
21. Qf3 h6 22. Bc3 Rdc8 23. Rxd5 Bxa3 24. Rd7 a5 25. Rb7 Bc5 26. Rdd7 Rf8 27.
h3 Ra4 28. Rdc7 Ra1+ 29. Kh2 Rf1 30. Rc6 Qe8 31. e6 Bxf2 32. Qg4 Bg1+ 33. Kg3
Bf2+ 34. Kh2 1/2-1/2

[Event "Festival Magistrale"]
[Site "Caorle ITA"]
[Date "1989.07.??"]
[Round "7"]
[White "Curione, Francesco"]
[Black "Csonkics, Tunde"]
[Result "0-1"]
[WhiteElo "1940"]
[BlackElo "2280"]
[PlyCount "60"]
[EventDate "1989.07.01"]

1. e4 c5 2. Nc3 d6 3. g3 Nc6 4. Bg2 g6 5. d3 Bg7 6. f4 e6 7. Nge2 Nge7 8. O-O
O-O 9. Be3 Nd4 10. Qd2 Nec6 11. Nd1 Rb8 12. c3 Nxe2+ 13. Qxe2 Qe7 14. g4 f5 15.
gxf5 exf5 16. e5 dxe5 17. Qf2 Re8 18. Bxc5 Qd7 19. Bxa7 Ra8 20. Bb6 Qxd3 21.
Ne3 Be6 22. Rfd1 Qb5 23. Nd5 Bxd5 24. Bxd5+ Kh8 25. b3 exf4 26. c4 Qa6 27. Bxc6
bxc6 28. Rd7 Re4 29. Rad1 h5 30. Rd8+ 30... Kh7 {...} 0-1

[Event "Festival Magistrale"]
[Site "Caorle ITA"]
[Date "1989.07.??"]
[Round "7"]
[White "Forgacs, Gyula"]
[Black "Kostic, Nebojsa"]
[Result "1-0"]
[WhiteElo "2340"]
[BlackElo "2340"]
[PlyCount "73"]
[EventDate "1989.07.01"]

1. e4 c6 2. d4 d6 3. Nc3 Qc7 4. f4 Nf6 5. Nf3 Bg4 6. h3 Bxf3 7. Qxf3 e6 8. Bd3
Nbd7 9. g4 O-O-O 10. Be3 d5 11. e5 Ne8 12. O-O-O Qa5 13. f5 Nc7 14. Kb1 Ba3 15.
Ne2 Qb6 16. Bc1 Rdf8 17. c3 Be7 18. Nf4 c5 19. Bc2 cxd4 20. cxd4 Nb8 21. Qb3
Qxb3 22. Bxb3 a6 23. h4 Nc6 24. Be3 Kd7 25. Nh5 g6 26. Nf4 gxf5 27. gxf5 Rfg8
28. f6 Rg3 29. Rh3 Rxh3 30. Nxh3 Bb4 31. Rg1 h6 32. Rg7 Ke8 33. Bd1 Be1 34. Bh5
Nd8 35. Nf4 Ba5 36. Kc2 Kf8 37. Bxf7 1-0

[Event "Festival Magistrale"]
[Site "Caorle ITA"]
[Date "1989.07.??"]
[Round "7"]
[White "Frasson, Giovanni"]
[Black "Redo, Nicola"]
[Result "0-1"]
[WhiteElo "1900"]
[BlackElo "1935"]
[PlyCount "71"]
[EventDate "1989.07.01"]

1. Nf3 Nf6 2. d4 g6 3. c4 Bg7 4. Nc3 O-O 5. e4 d6 6. Be2 Nc6 7. d5 Na5 8. O-O
c5 9. Bd2 e6 10. b3 exd5 11. exd5 a6 12. Rc1 Bd7 13. h3 Re8 14. Re1 Rb8 15. Bf4
Qc7 16. Bd3 b5 17. Rxe8+ Bxe8 18. cxb5 axb5 19. b4 Nc4 20. bxc5 Qxc5 21. Ne4
Nxe4 22. Bxe4 Bb2 23. Rc2 Ra8 24. Qb1 Bf6 25. Be3 Qa3 26. Bd4 Bxd4 27. Nxd4 Qa6
28. Qb4 Qa7 29. Nc6 Qa4 30. Rxc4 bxc4 31. Ne7+ Kg7 32. Qxd6 Qd1+ 33. Kh2 Qd4
34. Bf3 Rxa2 35. Nc6 Bxc6 36. dxc6 0-1

[Event "Festival Magistrale"]
[Site "Caorle ITA"]
[Date "1989.07.??"]
[Round "7"]
[White "Gaggiottini, Manfredo"]
[Black "Romagnoli, Franco"]
[Result "1-0"]
[WhiteElo "2030"]
[BlackElo "1925"]
[PlyCount "75"]
[EventDate "1989.07.01"]

1. e4 c5 2. Nf3 a6 3. c3 d5 4. exd5 Qxd5 5. Be2 Nf6 6. O-O Nc6 7. d4 cxd4 8.
cxd4 e6 9. Nc3 Qd6 10. Re1 Be7 11. Bg5 O-O 12. Bxf6 Bxf6 13. Ne4 Qe7 14. Bd3
Nb4 15. Nxf6+ Qxf6 16. Be4 Rd8 17. Qb3 Nd5 18. Bxd5 exd5 19. Qxd5 Be6 20. Qxb7
Bd5 21. Qe7 Qb6 22. Qa3 Rab8 23. Re2 h6 24. Rae1 Bxf3 25. Qxf3 Qxd4 26. Re7 Rf8
27. b3 Rbc8 28. h3 Qb2 29. R1e2 Qa3 30. Qd5 Rcd8 31. Qe5 Ra8 32. Kh2 a5 33. Re4
Qxa2 34. Rg4 g5 35. Rxg5+ hxg5 36. Qxg5+ Kh7 37. Re4 Qxf2 38. Rg4 1-0

[Event "Festival Magistrale"]
[Site "Caorle ITA"]
[Date "1989.07.??"]
[Round "7"]
[White "Kajganovic, Miodrag"]
[Black "Sgaravatti, Francesco"]
[Result "1-0"]
[WhiteElo "2220"]
[BlackElo "2085"]
[PlyCount "79"]
[EventDate "1989.07.01"]

1. c4 e6 2. Nc3 d5 3. cxd5 exd5 4. d4 Nf6 5. Bg5 Be7 6. Qc2 c6 7. e3 O-O 8. Bd3
Nbd7 9. Nge2 Re8 10. h3 Nf8 11. g4 Ne4 12. Bxe7 Qxe7 13. Bxe4 dxe4 14. Ng3 Be6
15. Ngxe4 Nd7 16. Ng3 Nb6 17. e4 c5 18. dxc5 Qxc5 19. O-O g6 20. Qc1 Rac8 21.
Qh6 Nc4 22. Rac1 Qe5 23. b3 Nb6 24. Nce2 Qb2 25. Rxc8 Bxc8 26. Nf4 Bd7 27. Rd1
Qc2 28. Rd4 Qc1+ 29. Kg2 Bc6 30. f3 Qb2+ 31. Nfe2 Bb5 32. Rd2 Qa1 33. Nd4 Bd7
34. h4 Qc3 35. h5 a5 36. Qf4 a4 37. h6 f6 38. Nge2 Qb4 39. Qxf6 Qxd2 40. Qg7#
1-0

[Event "Festival Magistrale"]
[Site "Caorle ITA"]
[Date "1989.07.??"]
[Round "7"]
[White "Kosic, Dragan"]
[Black "Kluss, Kai"]
[Result "1-0"]
[WhiteElo "2445"]
[BlackElo "2240"]
[PlyCount "85"]
[EventDate "1989.07.01"]

1. d4 Nf6 2. c4 e6 3. Nf3 c5 4. d5 exd5 5. cxd5 d6 6. Nc3 g6 7. Nd2 Bg7 8. Nc4
O-O 9. Bg5 h6 10. Bf4 Na6 11. Bxd6 Re8 12. e3 Ne4 13. Nxe4 Rxe4 14. Bg3 b5 15.
Nd2 Rb4 16. b3 c4 17. Rc1 c3 18. Nb1 Qa5 19. Rc2 Re4 20. Bd3 Bg4 21. Qc1 Ree8
22. Qa3 Qxa3 23. Nxa3 Nb4 24. Bxb5 Nxc2+ 25. Nxc2 Red8 26. Bc6 Bf5 27. Bxa8
Bxc2 28. Bc6 Be4 29. Bc7 Rc8 30. f3 Bxd5 31. Bxd5 Rxc7 32. Kd1 Be5 33. Kc2 Rc5
34. Bc4 Kg7 35. f4 Bf6 36. e4 Bd4 37. Rd1 Be3 38. Rd7 Ra5 39. Rxf7+ Kh8 40. a4
Rh5 41. h3 Rh4 42. Kxc3 Rxf4 43. Kd3 1-0

[Event "Festival Magistrale"]
[Site "Caorle ITA"]
[Date "1989.07.??"]
[Round "7"]
[White "Kostic, Vladimir G."]
[Black "Riemersma, Liafbern"]
[Result "0-1"]
[WhiteElo "2350"]
[BlackElo "2360"]
[PlyCount "46"]
[EventDate "1989.07.01"]

1. d4 Nf6 2. Nf3 g6 3. c4 Bg7 4. Nc3 O-O 5. e4 d6 6. h3 Na6 7. Be3 e5 8. d5 Nh5
9. Nh2 Qe8 10. Be2 Nf4 11. Bf3 f5 12. a3 Nc5 13. O-O Qe7 14. Kh1 a5 15. Qc2
Nfd3 16. Rad1 fxe4 17. Nxe4 Bf5 18. Rxd3 Nxe4 19. g4 Ng3+ 20. fxg3 Bxd3 21.
Qxd3 e4 22. Bxe4 Rae8 23. Rxf8+ Kxf8 0-1

[Event "Festival Magistrale"]
[Site "Caorle ITA"]
[Date "1989.07.??"]
[Round "7"]
[White "Loncar, Robert"]
[Black "Magrin, Antonio"]
[Result "0-1"]
[WhiteElo "2350"]
[BlackElo "2200"]
[PlyCount "38"]
[EventDate "1989.07.01"]

1. e4 g6 2. d4 Bg7 3. Nf3 d6 4. Nc3 Nf6 5. Be2 c6 6. O-O O-O 7. Re1 Qc7 8. a4
e5 9. h3 a5 10. Bf1 Na6 11. Be3 h6 12. Qd2 Kh7 13. Rad1 Nd7 14. Nb1 Nf6 15. c3
Nxe4 16. Qc2 f5 17. dxe5 dxe5 18. Nbd2 Nxd2 19. Nxd2 f4 0-1